Jesus, prophecy, and the Middle East / (Record no. 4874)

MARC details
000 -LEADER
fixed length control field 00734pam a2200253 a 4500
001 - CONTROL NUMBER
control field 4205095
003 - CONTROL NUMBER IDENTIFIER
control field GBCCL
005 - DATE AND TIME OF LATEST TRANSACTION
control field 20241126110528.0
008 - FIXED-LENGTH DATA ELEMENTS--GENERAL INFORMATION
fixed length control field 810202s1981 tnuaf b 000 0 eng
010 ## -
-- 81000923
020 ## - INTERNATIONAL STANDARD BOOK NUMBER
International Standard Book Number 0840757646
040 ## - CATALOGING SOURCE
Original cataloging agency DLC
Transcribing agency DLC
Modifying agency DLC
043 ## -
-- aw-----
050 00 -
-- BS647.2
-- .S53
082 00 - DEWEY DECIMAL CLASSIFICATION NUMBER
Classification number 220.15
Edition information 19
Item number SHO
100 1# - MAIN ENTRY--PERSONAL NAME
Personal name Shorrosh, Anis.
9 (RLIN) 8872
245 10 - TITLE STATEMENT
Title Jesus, prophecy, and the Middle East /
Statement of responsibility, etc. Anis A. Shorrosh.
260 ## - PUBLICATION, DISTRIBUTION, ETC.
Place of publication, distribution, etc. Nashville :
Name of publisher, distributor, etc. T. Nelson,
Date of publication, distribution, etc. c1981.
300 ## - PHYSICAL DESCRIPTION
Extent x, 145 p., [4] leaves of plates :
Other physical details ill. ;
Dimensions 21 cm.
504 ## - BIBLIOGRAPHY, ETC. NOTE
Bibliography, etc. note Bibliography: p. 143-145.
630 00 - SUBJECT ADDED ENTRY--UNIFORM TITLE
Uniform title Bible
General subdivision Prophecies.
9 (RLIN) 457
906 ## - LOCAL DATA ELEMENT F, LDF (RLIN)
a 7
b cbc
c orignew
d 1
e ocip
f 19
g y-gencatlg
942 ## - ADDED ENTRY ELEMENTS (KOHA)
Source of classification or shelving scheme Dewey Decimal Classification
Koha item type Books
Holdings
Withdrawn status Lost status Source of classification or shelving scheme Damaged status Not for loan Home library Current Library Shelving location Date acquired Total checkouts Full call number Barcode Date last seen Copy number Price effective from Koha item type
    Dewey Decimal Classification     GRACE BIBLE COLLEGE GRACE BIBLE COLLEGE Biblical Studies 2018-02-12   220.15 SHO 003628 2025-05-01 c.2 2018-02-12 Books
    Dewey Decimal Classification     GRACE BIBLE COLLEGE GRACE BIBLE COLLEGE Biblical Studies 2018-02-12   220.15 SHO 002168 2025-05-01 c.1 2018-02-12 Books
© Grace Bible College Library 2025